000 01201nam0a22003011 4500
001 rc\3784638
005 20260408001937.0
021 _aRU
_b75-77956
021 _aRU
_bРг14581-75
035 _a(NLR Aleph) 007233138
090 _a7733746
_c7733746
100 _a20120207d1975 |||y0rusy50 ca
101 0 _arus
102 _aRU
105 _aa z |||||
200 1 _aСборник официальных материалов по капитальному строительству
_fМ-во сельск. хоз-ва РСФСР. Гл. упр. капит. стр-ва. Трест "Оргтехсовхозстрой"
210 _aМосква
_cБ. и.
_d1975
215 _a196 с., 2 л. табл.
_d20
300 _aНа 2-й с. принимали участие: А.А. Сергеев, А.В. Шубин, Р.П. Хохлов [и др.]
702 1 _aШубин
_bА.В.
_4570
702 1 _aХохлов
_bР.П.
_4570
702 1 _aСергеев
_bА.А.
_4570
712 0 2 _a"Оргтехсовхозстрой", трест
_cМосква
_3RU\NLR\AUTH\8810166265
_9828516
801 0 _aRU
_bNLR
_gpsbo
801 1 _aRU
_bELAR
_2rusmarc
852 _aNLR
_j75-3/6165
942 _cBOOK
980 _aNB